| 000 | 00000nas 2200000zi 4500 |
| 001 | 9.913214 |
| 003 | CaOODSP |
| 005 | 20240604162020 |
| 006 | m o d f |
| 007 | cr ||||||||||| |
| 008 | 220711d19942006quc x m o f0###b0fre|d |
| 040 | |aCaOODSP|bfre|erda|cCaOODSP |
| 043 | |an-cn-qu |
| 086 | 1 |aEn153-115F-PDF |
| 130 | 0 |aNote technique, région du Québec. |
| 245 | 10|aNote technique, région du Québec. |
| 264 | 1|a[Saint-Laurent, Québec] : |b[Environnement Canada, Région du Québec], |c[1994?-2006?] |
| 336 | |atexte|btxt|2rdacontent/fre |
| 337 | |ainformatique|bc|2rdamedia/fre |
| 338 | |aressource en ligne|bcr|2rdacarrier/fre |
| 500 | |aÉdition numérisée de l’imprimé [par Environnement et Changement climatique Canada]. |
| 500 | |aAussi publié en anglais sous le titre: Technical note, Quebec Region. |
| 650 | 6|aViolentes tempêtes|zQuébec (Province)|vObservations. |
| 710 | 1 |aCanada. |bEnvironnement Canada. |bRégion du Québec, |eorganisme de publication. |
| 775 | 08|tTechnical note, Quebec Region.|w(CaOODSP)9.915285 |